|
|
|
|
| LEADER |
01771nam a2200517 i 4500 |
| 001 |
nkc20243640988 |
| 003 |
CZ PrNK |
| 005 |
20250109131058.0 |
| 007 |
ta |
| 008 |
241105s2024 xr a e f 000 0 cze |
| 015 |
|
|
|a cnb003640988
|
| 020 |
|
|
|a 978-80-266-2020-4
|q (vázáno) :
|c Kč 599,00
|
| 035 |
|
|
|a (OCoLC)1498301273
|
| 040 |
|
|
|a OLA001
|b cze
|e rda
|
| 072 |
|
7 |
|a 74
|x Kresba. Umělecká řemesla
|2 Konspekt
|9 21
|
| 080 |
|
|
|a 746.21
|2 MRF
|
| 080 |
|
|
|a 7.048
|2 MRF
|
| 080 |
|
|
|a (035)
|2 MRF
|
| 080 |
|
|
|a (084.11)
|2 MRF
|
| 100 |
1 |
|
|a Zmrzlá Galuszková, Romana
|7 xx0310727
|4 aut
|
| 245 |
1 |
0 |
|a Paličkování :
|b vláčková krajka v obrazech /
|c Romana Zmrzlá Galuszková
|
| 250 |
|
|
|a 1. vydání
|
| 264 |
|
1 |
|a V Brně :
|b Edika,
|c 2024
|
| 300 |
|
|
|a 103 stran :
|b ilustrace (převážně barevné) ;
|c 28 cm
|
| 336 |
|
|
|a text
|b txt
|2 rdacontent
|
| 336 |
|
|
|a statický obraz
|b sti
|2 rdacontent
|
| 337 |
|
|
|a bez média
|b n
|2 rdamedia
|
| 338 |
|
|
|a svazek
|b nc
|2 rdacarrier
|
| 490 |
1 |
|
|a Tradiční řemesla
|
| 650 |
0 |
7 |
|a paličkování
|7 ph123913
|2 czenas
|
| 650 |
0 |
7 |
|a paličkovaná krajka
|7 ph136861
|2 czenas
|
| 650 |
0 |
7 |
|a vzory (motivy)
|7 ph184911
|2 czenas
|
| 650 |
0 |
9 |
|a pillow lace making
|2 eczenas
|
| 650 |
0 |
9 |
|a pillow lace
|2 eczenas
|
| 650 |
0 |
9 |
|a patterns (design elements)
|2 eczenas
|
| 655 |
|
7 |
|a příručky
|7 fd133209
|2 czenas
|
| 655 |
|
7 |
|a obrazové publikace
|7 fd132947
|2 czenas
|
| 655 |
|
9 |
|a handbooks and manuals
|2 eczenas
|
| 655 |
|
9 |
|a pictorial works
|2 eczenas
|
| 830 |
|
0 |
|a Tradiční řemesla (Edika)
|0 s
|
| 910 |
2 |
|
|a BOA001
|b 3-1537.001
|
| 928 |
9 |
|
|a Albatros Media - Edika
|
| 990 |
|
|
|a BK
|
| 995 |
|
|
|a 01
|
| 991 |
|
|
|b 202412
|c NOV
|
| 996 |
6 |
|
|b 2610989164
|c 3-1537.001
|l MZK
|r Sklad / do 1 hodiny
|n 0
|p p.v.
|w 001987852
|u 000010
|a 1
|e BOA001
|j MZK50
|s P
|